| 000 | 00825nam a22001577a 4500 | ||
|---|---|---|---|
| 003 | OSt | ||
| 005 | 20150918162916.0 | ||
| 008 | 150918b xxu||||| |||| 00| 0 eng d | ||
| 040 | _cRUA | ||
| 082 | _aAGR PEC 2006 B034 Or.1 | ||
| 100 |
_9769 _aPECH, HY. |
||
| 245 | _aEffect of KNO3 doses in hydroponic solution on tomato grown at royal university of agriculture's crop station ឥទ្ធិពលនៃកំហាប់ប៉ូតាស្យូមនីដ្រាត លើការលូតលាសដំណាំប៉េងប៉ោះក្នុងសូលុយស្យុងនៅស្ថានីយ៏ពិសោធន៏ដំណាំ សាកលវិទ្យាល័យភូមិន្ទកសិកម្ម | ||
| 260 |
_aPhnom Penh _bRUA _c2006 |
||
| 300 |
_a45p. _bill. _c29cm. |
||
| 942 |
_2ddc _cAGR |
||
| 999 |
_c761 _d761 |
||